2025 UFC Champions - Statistics

General Stats
  • This quiz has been taken 123 times
  • The average score is 7 of 9
Answer Stats
Weight Champion % Correct
Flyweight Alexandre Pantoja
91%
Heavyweight Jon Jones
88%
Lightweight Islam Makhachev
86%
Featherweight Ilia Topuria
82%
Heavyweight(Interim) Tom Aspinall
80%
Middleweight Dricus Du Plessis
78%
Bantamweight Merab Dvalishvili
77%
Light Heavyweight Magomed Ankalaev
76%
Welterweight Belal Muhammad
66%
No matching quizzes found
Score Distribution
Percent of People with Each Score
Percentile by Number Answered
Your Score History
You have not taken this quiz